ARRUPE JESUIT UNIVERSITY

CORONAVIRUS -STOP THE SPREAD - CLEAN,DISINFECT,COVER

Regional economic outlook : (Record no. 129162)

MARC details
000 -LEADER
fixed length control field 01300cam a2200313 a 4500
001 - CONTROL NUMBER
control field 14115174
003 - CONTROL NUMBER IDENTIFIER
control field ARRUPE
005 - DATE AND TIME OF LATEST TRANSACTION
control field 20190307113928.0
008 - FIXED-LENGTH DATA ELEMENTS--GENERAL INFORMATION
fixed length control field 050921s2005 dcua bs 000 0 eng d
010 ## - LIBRARY OF CONGRESS CONTROL NUMBER
LC control number 2005282155
035 ## - SYSTEM CONTROL NUMBER
System control number (OCoLC)ocm61276672
040 ## - CATALOGING SOURCE
Original cataloging agency SIMAS
Transcribing agency SIMAS
Modifying agency DBI
-- UNA
-- DLC
042 ## - AUTHENTICATION CODE
Authentication code lccopycat
043 ## - GEOGRAPHIC AREA CODE
Geographic area code fb-----
050 00 - LIBRARY OF CONGRESS CALL NUMBER
Classification number HC800
Item number .R35 2005
082 00 - DEWEY DECIMAL CLASSIFICATION NUMBER
Classification number 330.967
Edition number 22
300 ## - PHYSICAL DESCRIPTION
Other physical details col. ill. ;
Dimensions 28 cm.
245 00 - TITLE STATEMENT
Title Regional economic outlook :
Remainder of title Sub-Saharan Africa.
246 30 - VARYING FORM OF TITLE
Title proper/short title Sub-Saharan Africa
260 ## - PUBLICATION, DISTRIBUTION, ETC. (IMPRINT)
Place of publication, distribution, etc Washington, D.C. :
Name of publisher, distributor, etc International Monetary Fund,
Date of publication, distribution, etc c2005.
300 ## - PHYSICAL DESCRIPTION
Extent vii, 87 p. :
440 #0 - SERIES STATEMENT/ADDED ENTRY--TITLE
Title World economic and financial surveys
9 (RLIN) 45094
500 ## - GENERAL NOTE
General note Issues for 2006- cataloged as a serial in LC.
Institution to which field applies DLC
504 ## - BIBLIOGRAPHY, ETC. NOTE
Bibliography, etc Includes bibliographical references (p. 79-83).
651 #0 - SUBJECT ADDED ENTRY--GEOGRAPHIC NAME
Geographic name Africa, Sub-Saharan
General subdivision Economic conditions.
9 (RLIN) 20020
651 #0 - SUBJECT ADDED ENTRY--GEOGRAPHIC NAME
Geographic name Africa, Sub-Saharan
General subdivision Economic conditions
Form subdivision Statistics.
9 (RLIN) 45095
710 2# - ADDED ENTRY--CORPORATE NAME
Corporate name or jurisdiction name as entry element International Monetary Fund.
9 (RLIN) 26656
906 ## - LOCAL DATA ELEMENT F, LDF (RLIN)
a 7
b cbc
c copycat
d 2
e ncip
f 20
g y-gencatlg
942 ## - ADDED ENTRY ELEMENTS (KOHA)
Source of classification or shelving scheme Library of Congress Classification
Koha item type Monograph ( Printed materials)
Holdings
Withdrawn status Lost status Source of classification or shelving scheme Damaged status Not for loan Collection code Home library Current library Shelving location Date acquired Total Checkouts Full call number Barcode Date last seen Price effective from Koha item type
    Library of Congress Classification     Main Collection ARRUPE LIBRARY ARRUPE LIBRARY Main Collection 07/03/2019   HC800 .R35 2005 46600004128 07/03/2019 07/03/2019 Monograph ( Printed materials)

 

Arrupe Library. PO Box MP320 Mt Pleasant, Harare, Zimbabwe
263 242 745411|librarian@aju.ac.zw